书目信息 |
| 题名: |
今日帝国主义
|
|
| 作者: | 李乾亨 编 | |
| 分册: | ||
| 出版信息: | 北京 中国青年出版社 1985 |
|
| 页数: | 454页 | |
| 开本: | 19cm | |
| 丛书名: | ||
| 单 册: | ||
| 中图分类: | F038 , D518 | |
| 科图分类: | ||
| 主题词: | 帝国主义--研究--现代 , 国际政治 | |
| 电子资源: | ||
| ISBN: | ||
| 000 | 00617nam0 2200241 450 | |
| 001 | 1553046838 | |
| 005 | 20150124103931.15 | |
| 010 | @dCNY2.00 | |
| 091 | @a3009.247@dCNY2.00 | |
| 100 | @a20060307d1985 ekmy0chiy0121 ea | |
| 101 | 0 | @achi |
| 102 | @aCN@b110000 | |
| 105 | @ay z 000yy | |
| 200 | 1 | @a今日帝国主义@9jin ri di guo zhu yi@f李乾亨编 |
| 210 | @a北京@c中国青年出版社@d1985 | |
| 215 | @a454页@d19cm | |
| 606 | 0 | @a帝国主义@x研究@z现代 |
| 606 | 0 | @a国际政治 |
| 690 | @aF038@v5 | |
| 690 | @aD518@v4 | |
| 701 | 0 | @a李乾亨@9li qian heng@4编 |
| 801 | 0 | @aCN@bTSSF@c20150124 |
| 905 | @aZUCC@dD518@eJY3 | |
| 今日帝国主义/李乾亨编.-北京:中国青年出版社,1985 |
| 454页;19cm |
| ISBN :CNY2.00 |
| ● |
| 相关链接 |
|
|
|
|
正题名:今日帝国主义
索取号:D518/JY3
 
预约/预借
| 序号 | 登录号 | 条形码 | 馆藏地/架位号 | 状态 | 备注 |
| 1 | 7835594 | 278355940 | 学院路分馆/ [索取号:D518/JY3] | 在馆 | |
| 2 | 7843586 | 278435864 | 学院路分馆/ [索取号:D518/JY3] | 在馆 |